[Event "Mediterranean Open"]
[Site "Rijeka CRO"]
[Date "2008.11.30"]
[Round "2"]
[White "Sandalakis,A"]
[Black "Pejic,Ir"]
[Result "1-0"]
[WhiteElo "2376"]
[BlackElo "2121"]

1.Nf3 d5 2.c4 c6 3.e3 Nf6 4.Nc3 e6 5.Qc2 Bd6 6.b3 O-O 7.Bb2 Re8 8.Be2 e5
9.cxd5 Nxd5 10.a3 Nxc3 11.Qxc3 Nd7 12.O-O Nf6 13.d3 Bg4 14.Rfe1 Qe7 15.Nd2 Bxe2
16.Rxe2 Rad8 17.Nc4 Bb8 18.e4 Nd7 19.b4 Nf8 20.Re3 f6 21.Qb3 Qf7 22.Rf3 Ne6
23.Rd1 Nd4 24.Bxd4 Rxd4 25.Kf1 Red8 26.Ke2 Bc7 27.Qc2 R4d7 28.Ne3 Bb6 29.Nf5 Qe6
30.Rg3 Kf8 31.h4 g6 32.Nh6 Rd4 33.h5 g5 34.Ng4 Kg8 35.Ne3 R4d7 36.Nf5 Bd4
37.Rf3 Rf8 38.Rd2 Bb6 39.g4 Rfd8 40.Rh3 Kh8 41.Rh1 Bd4 42.Rb1 Kg8 43.a4 b6
44.f3 Kf7 45.Rc1 c5 46.Nxd4 cxd4 47.b5 Re7 48.Qc4 Qxc4 49.Rxc4 Red7 50.Rdc2 Ke7
51.Kd2 Ra8 52.Rc6 Rad8 53.Kc1 h6 54.Kb2 Rb8 55.Kb3 Kf7 56.Kb4 Ke7 57.Rc7 Rd8
58.a5 Rb8 59.Rxd7+ Kxd7 60.Rc6 Rc8 61.axb6 axb6 62.Rxb6 Rc3 63.Rxf6 Rxd3
64.b6 Rc3 65.Rxh6 Rxf3 66.Rh7+ Kc8 67.Rg7 Rf4 68.h6  1-0

[Event "Snowdrops vs Old-hands"]
[Site "Marianske Lazne CZE"]
[Date "2008.12.03"]
[Round "5"]
[White "Hort,V"]
[Black "Nemcova,Kat"]
[Result "1-0"]
[WhiteElo "2478"]
[BlackElo "2369"]

1.Nf3 d5 2.c4 e6 3.d4 c6 4.Nbd2 Nf6 5.b3 Nbd7 6.Bb2 Bd6 7.e3 O-O 8.Bd3 Qe7
9.Ne5 dxc4 10.Nexc4 e5 11.Nxd6 Qxd6 12.O-O Qe7 13.a4 Re8 14.Ba3 Qe6 15.Bc4 Qf5
16.Qf3 Qc2 17.Bb4 Qg6 18.a5 a6 19.Rfe1 e4 20.Qg3 Qxg3 21.hxg3 Nf8 22.f3 Bf5
23.g4 Bg6 24.Bxf8 Kxf8 25.Rac1 h6 26.Kf2 Re7 27.Kg3 Rae8 28.f4 h5 29.f5 Bh7
30.g5 Ng4 31.Kf4 c5 32.Be2 Bxf5 33.Rxc5 g6 34.Nc4 Rd8 35.Bxg4 Bxg4 36.Ne5 Be6
37.b4 Bd5 38.g4 h4 39.Rh1 b6 40.Rxh4 Kg7 41.axb6 Rb7 42.Rc7 Rxb6 43.Nd7 Rd6
44.Nf6 Rxf6+ 45.gxf6+ Kxf6 46.g5+ Ke6 47.Ra7 Rd6 48.Rh8 Rb6 49.Rd8 Bc4 50.Rc7 Rxb4
51.Kxe4 Ba2 52.Rc6+ Ke7 53.Ra8 Bc4 54.Ra7+ Kf8 55.Ke5 Kg7 56.d5 Bd3 57.Rf6  1-0

[Event "TCh-SLO"]
[Site "Murska Sobota SLO"]
[Date "2008.12.06"]
[Round "1"]
[White "Sebenik,M"]
[Black "Stajner,S"]
[Result "1-0"]
[WhiteElo "2485"]
[BlackElo "2274"]

1.Nf3 d5 2.c4 c6 3.d4 Nf6 4.Nc3 a6 5.a4 e6 6.g3 Bb4 7.Bg2 Ne4 8.Qc2 Qa5 9.Bd2 Nxd2
10.Nxd2 f5 11.O-O O-O 12.c5 Qd8 13.Nf3 Nd7 14.Na2 Ba5 15.Nc1 Bc7 16.Nd3 Qe7
17.Qc3 Nf6 18.b4 Bd7 19.Nfe5 Be8 20.Qb2 Kh8 21.f3 g5 22.Rae1 Qg7 23.e4 Rd8
24.exf5 exf5 25.Kh1 Kg8 26.Bh3 Nd7 27.Nxd7 Bxd7 28.f4 g4 29.Bg2 h5 30.h4 gxh3
31.Bxh3 Rf6 32.Re3 Rdf8 33.Rfe1 Bd8 34.Ne5 Rh6 35.Rg1 Kh8 36.Qc3 Bc8 37.Rg2 Bf6
38.Rh2 Rg8 39.Bg2 Bxe5 40.dxe5 Qg6 41.Qb2 Be6 42.Qd4 Kg7 43.Rd3 Kf7 44.Qf2 Ke7
45.Rh4 Bf7 46.Bf1 Ke6 47.Be2 Qg7 48.Kg2 Bg6 49.Kf1 Rh7 50.Qh2 Qf7 51.Qh1 Rd8
52.Kf2 Rdh8 53.Ke3 Qc7 54.Qc1 Rc8 55.Kd4 Rb8 56.Rb3 Ra8 57.Qd1 Qf7 58.Bf3 Rah8
59.Rb2 Qc7 60.Qb3 Rd8 61.Rbh2 Qf7 62.b5 axb5 63.axb5 Qe8 64.Ra2 Rc7 65.bxc6 Qxc6
66.Ra5 b6 67.Qxb6 Qxb6 68.cxb6 Rc4+ 69.Kd3 Rb4 70.Bxh5 Rb3+ 71.Kd2 Rb2+ 72.Kc3 Rxb6
73.Rc5 d4+ 74.Kc4 Bxh5 75.Rxh5 Kf7 76.Rxf5+ Kg6 77.Rg5+ Kh6 78.e6 Rxe6 79.Rcd5 Red6
80.Rxd6+ Rxd6 81.Kd3 Rd8 82.g4 Rd7 83.Re5 Rd8 84.Re6+ Kh7 85.Re4 Rg8 86.g5 Rf8
87.Rxd4 Kg6 88.Ke4 Re8+ 89.Kf3 Re6 90.Kg4 Ra6 91.f5+ Kf7 92.Rd7+ Kf8 93.g6 Ra1
94.Kg5 Ra5 95.g7+ Kg8 96.Kg6 Rd5 97.Re7 Rd6+ 98.f6 Re6 99.Re8+  1-0

[Event "FSGM December"]
[Site "Budapest HUN"]
[Date "2008.12.08"]
[Round "3"]
[White "Paschall,W"]
[Black "Duong The Anh"]
[Result "1/2-1/2"]
[WhiteElo "2351"]
[BlackElo "2420"]

1.Nf3 d5 2.c4 c6 3.e3 Nf6 4.Nc3 e6 5.b3 Nbd7 6.Bb2 Bd6 7.Qc2 O-O 8.Be2 Qe7
9.O-O e5 10.cxd5 Nxd5 11.Ne4 Bc7 12.Ng3 Re8 13.d3 Nf8 14.a3 Ng6 15.Rfe1 Bd7
16.Bf1 Rad8 17.Rac1 Bg4 18.Be2 Bb6 19.Bd1 Bc8 20.Qb1 Nf6 21.Bc2 Bg4 22.Nd2 a6
23.b4 Ba7 24.h3 Bc8 25.Nf3 Bb8 26.Nf1 Nd5 27.N1d2 f5 28.e4 fxe4 29.Rxe4 Bf5
30.Ree1 Qc7 31.d4 Bxc2 32.Qxc2 exd4 33.Bxd4 Ndf4 34.Re4 Rxe4 35.Qxe4 Qe7
36.Re1 Qxe4 37.Rxe4 Nd5 38.g3 Nf6 39.Re6 Re8 40.Ng5 Be5 41.Ndf3 Bxd4 42.Rxe8+ Nxe8
43.Nxd4 Nd6 44.f4 Ne7 45.Kf2 Nd5 46.Ke2 Nc4 47.Nc2 Nd6 48.Kd3 Nf6 49.Nd4 h6
50.Nge6 Kf7 51.Nc5 g6 52.Nf3 Nh5 53.Ne5+ Kf6 54.Nc4 Nxc4 55.Kxc4 b5+ 56.Kd3 Nxg3
57.Nxa6 Ke6 58.a4 bxa4 59.Nc5+ Kf5 60.Nxa4 Kxf4 61.Nb6 Ke5 62.Nc4+ Kd5 63.Ne3+ Ke6
64.Nc4 Nf5 65.Na3 h5 66.b5 cxb5 67.Nxb5 Ke5 68.Nc7 Kf4 69.Ne6+ Kg3 70.Ke4 Kh4
71.Ke5 Kxh3 72.Nf4+ Kg4 73.Nxg6 Ng3 74.Kd4 Ne2+ 75.Ke3 Ng1 76.Kf2 Nf3 77.Kg2 Nd4
78.Ne5+ Kf4 79.Kh3 Nf5 80.Ng6+ Kg5 81.Ne5 Nd4 82.Nf7+ Kg6 83.Ne5+ Kg5 84.Nf7+ Kg6
85.Ne5+ Kf6 86.Kh4 Kxe5 87.Kxh5  1/2-1/2

[Event "TCh-SLO"]
[Site "Murska Sobota SLO"]
[Date "2008.12.08"]
[Round "3"]
[White "Markus,Rob"]
[Black "Miladinovic,I"]
[Result "1/2-1/2"]
[WhiteElo "2616"]
[BlackElo "2572"]

1.Nf3 d5 2.c4 d4 3.g3 g6 4.Bg2 Bg7 5.O-O Nc6 6.d3 a5 7.Na3 Nf6 8.Nb5 O-O
9.Bf4 Ne8 10.Qd2 e5 11.Bh6 f6 12.Bxg7 Nxg7 13.e3 Ne6 14.Rad1 Kg7 15.Rfe1 Rf7  1/2-1/2

[Event "75th ch-BRA"]
[Site "Porto Alegre BRA"]
[Date "2008.12.08"]
[Round "2"]
[White "Mekhitarian,K"]
[Black "Vescovi,G"]
[Result "0-1"]
[WhiteElo "2511"]
[BlackElo "2635"]

1.Nf3 d5 2.c4 e6 3.g3 dxc4 4.Qa4+ Nd7 5.Bg2 a6 6.Ne5 Nf6 7.Nxc4 b5 8.Qd1 Nd5
9.Nca3 Bb7 10.O-O c5 11.Nc2 Be7 12.d4 O-O 13.e4 N5f6 14.d5 Nb6 15.dxe6 Qxd1
16.Rxd1 Bxe4 17.exf7+ Rxf7 18.Ne3 Bxg2 19.Kxg2 Ne4 20.f3 Ng5 21.f4 Ne6 22.Nc3 Nd4
23.Bd2 Re8 24.Rac1 Bf8 25.Re1 Rfe7 26.Ned5 Nxd5 27.Nxd5 Re2+ 28.Kf1 Kf7 29.Bc3 Rxh2
30.Rxe8 Kxe8 31.Bxd4 cxd4 32.Rc8+ Kf7 33.f5 d3 34.Rc7+ Kg8 35.f6 gxf6 36.Kg1 Rh6
37.Rd7 f5 38.Rd8 Kf7 39.Ne3 Rd6 40.Rxd6 Bxd6 41.Kg2 Bc5  0-1

[Event "Scaccomatto Open"]
[Site "Torino ITA"]
[Date "2008.12.08"]
[Round "9"]
[White "Hera,I"]
[Black "Trabert,B"]
[Result "1-0"]
[WhiteElo "2530"]
[BlackElo "2289"]

1.Nf3 d5 2.c4 e6 3.d4 c6 4.e3 Nf6 5.b3 Nbd7 6.Bd3 b6 7.O-O Bb7 8.Bb2 Be7
9.Nbd2 O-O 10.Qe2 c5 11.Rfd1 Qc7 12.Rac1 Rac8 13.Ne5 dxc4 14.Ndxc4 Rfd8 15.b4 cxd4
16.Nxd7 Qxd7 17.Bxd4 Qd5 18.f3 Qh5 19.a3 Nd5 20.Qf2 Bf6 21.Bxf6 Nxf6 22.Bf1 g6
23.Qg3 Qh6 24.Rxd8+ Rxd8 25.Qc7 Rd7 26.Qb8+ Kg7 27.Qxa7 Nd5 28.Re1 Qh4 29.Rd1 Bc6
30.Qb8 Rb7 31.Qe5+ Qf6 32.e4 Ne7 33.b5 Bd7 34.a4 Nc8 35.g4 g5 36.h4 h6 37.hxg5 hxg5
38.f4 Ne7 39.Qxf6+ Kxf6 40.e5+ Kg7 41.Bg2 Nd5 42.f5 Ra7 43.Bxd5 Rxa4 44.f6+ Kg8
45.Bf3 Bxb5 46.Rd8+  1-0

[Event "III Open"]
[Site "Palma de Mallorca ESP"]
[Date "2008.12.10"]
[Round "5"]
[White "Sundararajan,K"]
[Black "Heinzel,O"]
[Result "1/2-1/2"]
[WhiteElo "2501"]
[BlackElo "2378"]

1.Nf3 d5 2.c4 c6 3.e3 Nf6 4.Nc3 e6 5.b3 Be7 6.Bb2 O-O 7.Qc2 b6 8.d4 Bb7 9.Bd3 dxc4
10.bxc4 c5 11.d5 Na6 12.a3 exd5 13.Nxd5 Nxd5 14.cxd5 Qxd5 15.Bxh7+ Kh8 16.Rd1 Qc6
17.O-O Rad8 18.Rxd8 Rxd8 19.Qf5 Bf6 20.Bxf6 Qxf6 21.Qxf6 gxf6 22.Bf5 Bxf3
23.gxf3 Rd2 24.f4 Nc7 25.Kg2 Nb5 26.a4 Nc3 27.Ra1 Ra2 28.Rxa2 Nxa2 29.Kf3 Nc3
30.Bd7 f5 31.Bxf5 Nxa4 32.Ke4 Nb2 33.Kd5 a5 34.Bb1 a4 35.e4 a3 36.e5 Nd1
37.Kc4 b5+ 38.Kb3 b4 39.f5 Nxf2 40.Kc4 Nd1 41.e6 fxe6 42.fxe6 Kg7 43.Kxc5 b3
44.e7 a2 45.Bxa2 bxa2 46.e8=Q a1=Q 47.Qe7+ Kg6 48.Qe6+ Kg5 49.Qd5+ Kh4 50.Qd4+ Qxd4+
51.Kxd4  1/2-1/2

[Event "III Open"]
[Site "Palma de Mallorca ESP"]
[Date "2008.12.10"]
[Round "5"]
[White "Barcelo Pujadas,P"]
[Black "Segui Patino,J"]
[Result "1/2-1/2"]
[WhiteElo "2269"]
[BlackElo "2035"]

1.Nf3 d5 2.c4 e6 3.g3 Nf6 4.Bg2 c5 5.O-O Nc6 6.d4 Be7 7.Nc3 O-O 8.cxd5 exd5
9.b3 Ne4 10.Bb2 Bf6 11.Na4 b6 12.Rc1 Re8 13.dxc5 Bxb2 14.Nxb2 bxc5 15.Na4 Ba6
16.Re1 c4 17.Nd2 Qf6 18.Nxe4 dxe4 19.bxc4 Rad8 20.Qb3 Nd4 21.Qa3 Rc8 22.Nc5 Qd6
23.Qxa6 Qxc5 24.e3 Nc6 25.a3 Na5 26.Qb5 f5 27.Red1 Nxc4 28.Qxc5 Rxc5 29.Bf1 Rec8
30.Bxc4+ Rxc4 31.Rxc4 Rxc4 32.Rd8+ Kf7 33.Rd7+ Kg6 34.Rxa7 Rc1+ 35.Kg2 h5
36.Ra6+ Kf7 37.a4 Ra1 38.a5 Ke7 39.Ra8 Kf7 40.a6 g6 41.Kh3 Ra2 42.Kh4 Kf6
43.a7 Kg7 44.Kg5 Ra6 45.h4 Kh7 46.Kf4 Ra5 47.f3 exf3 48.Kxf3 Ra2 49.Kf4 Ra5
50.e4 Ra4 51.Re8 Rxa7 52.exf5 gxf5 53.Rf8 Rg7 54.Rxf5 Rg4+ 55.Kf3 Kh6  1/2-1/2

[Event "III Open"]
[Site "Palma de Mallorca ESP"]
[Date "2008.12.12"]
[Round "7"]
[White "Andres Gonzalez,A"]
[Black "Heinzel,O"]
[Result "1-0"]
[WhiteElo "2465"]
[BlackElo "2378"]

1.Nf3 d5 2.c4 c6 3.e3 Nf6 4.Qc2 e6 5.b3 Be7 6.Bb2 O-O 7.Be2 Nbd7 8.O-O dxc4
9.bxc4 b6 10.e4 c5 11.e5 Ne8 12.Bd3 g6 13.Be4 Rb8 14.d4 cxd4 15.Nxd4 Nxe5
16.Rd1 Nd6 17.Na3 Qe8 18.Ndb5 Nexc4 19.Nxc4 Nxe4 20.Be5 Bb7 21.Bxb8 Qxb8
22.Ne3 Bc5 23.Nc3 Nxf2 24.Qxf2 Qe5 25.Rd3 Ba6 26.Rad1 Bxd3 27.Rxd3 f5 28.Kh1 f4
29.Ng4 Bxf2 30.Nxe5 Rc8 31.g3 fxg3 32.hxg3 Be1 33.Ne4 Kg7 34.Rd7+ Kh6 35.Ng4+ Kh5
36.Ngf6+  1-0

[Event "III Open"]
[Site "Palma de Mallorca ESP"]
[Date "2008.12.13"]
[Round "8"]
[White "Barcelo Pujadas,P"]
[Black "Megias Ortiz,V"]
[Result "1-0"]
[WhiteElo "2269"]
[BlackElo "2105"]

1.Nf3 d5 2.c4 c6 3.b3 Bf5 4.Bb2 dxc4 5.bxc4 Qb6 6.Qc1 c5 7.Nc3 e6 8.g3 Nc6
9.Bg2 Nf6 10.O-O Be7 11.d3 O-O 12.Rb1 Nd7 13.Ba1 Qa6 14.Qb2 Rab8 15.Nd5 Bf6
16.Nxf6+ Nxf6 17.Qd2 Qa5 18.Bc3 Qc7 19.Bxf6 gxf6 20.Qh6 Bg6 21.h4 Ne5 22.Nh2  1-0

[Event "III Open"]
[Site "Palma de Mallorca ESP"]
[Date "2008.12.13"]
[Round "8"]
[White "Aloma Vidal,R"]
[Black "Bestard Borras,M"]
[Result "1-0"]
[WhiteElo "2399"]
[BlackElo "2137"]

1.Nf3 d5 2.c4 d4 3.g3 f6 4.Bg2 e5 5.d3 c5 6.O-O Nc6 7.e3 Bg4 8.Na3 Qd7 9.Nc2 O-O-O
10.exd4 exd4 11.b4 h5 12.bxc5 h4 13.Re1 g5 14.Rb1 hxg3 15.fxg3 Bxc5 16.Rb5 Bd6
17.Re4 f5 18.Re1 f4 19.gxf4 gxf4 20.Bb2 Nf6 21.Ncxd4 Rdg8 22.Nxc6 Qxc6 23.Kh1 Rh3
24.Bxf6 Rxf3 25.Rg1 Bc5 26.d4 Bb6 27.Rb3 Qxf6 28.Bxf3 Bxf3+ 29.Rxf3 Rd8 30.c5 Bxc5
31.Qc2 Qxd4 32.Rc1 b6 33.Qf5+ Kb8 34.Rxf4 Qd2 35.Rfc4 Qxa2 36.Qe5+ Kb7 37.Rxc5 bxc5
38.Qe7+  1-0

[Event "III Open"]
[Site "Palma de Mallorca ESP"]
[Date "2008.12.14"]
[Round "9"]
[White "Edouard,R"]
[Black "Camarena Gimenez,R"]
[Result "1-0"]
[WhiteElo "2531"]
[BlackElo "2415"]

1.Nf3 d5 2.c4 c6 3.e3 Nf6 4.Nc3 g6 5.d4 Bg7 6.Be2 O-O 7.O-O Nbd7 8.cxd5 cxd5
9.Qb3 e6 10.Bd2 a6 11.a4 Ne4 12.Nxe4 dxe4 13.Ne1 b6 14.Nc2 Bb7 15.Rfe1 e5
16.Bb4 exd4 17.Bxf8 Qxf8 18.Nxd4 Bxd4 19.exd4 Qd6 20.Qg3 Qxd4 21.Qc7 e3 22.Qxb7 exf2+
23.Kf1 Re8 24.Rec1  1-0

[Event "15th Croatian Open A"]
[Site "Zadar CRO"]
[Date "2008.12.14"]
[Round "1"]
[White "Slamar,V"]
[Black "Martinovic,Sa"]
[Result "0-1"]
[WhiteElo "2242"]
[BlackElo "2416"]

1.Nf3 d5 2.c4 dxc4 3.Qa4+ Nc6 4.Qxc4 e5 5.Nc3 Be7 6.g3 Nf6 7.Bg2 Be6 8.Qa4 O-O
9.O-O Nd7 10.d3 f5 11.Nd2 Nb6 12.Qd1 Qe8 13.a4 a5 14.Nb5 Qd7 15.b3 Rad8 16.Qc2 Nd5
17.Nc4 Bf6 18.Bb2 Ncb4 19.Qc1 c6 20.Nc3 Qc7 21.Rd1 b6 22.Na2 b5 23.Nxb4 axb4
24.axb5 cxb5 25.Bxd5 Rxd5 26.Na5 Rc5 27.Qe3 Rc2 28.Rdc1 Rxc1+ 29.Qxc1 Rc8
30.Qxc7 Rxc7 31.Rc1 Rxc1+ 32.Bxc1 Bd5 33.Bd2 Be7 34.f3 Kf7 35.e4 fxe4 36.dxe4 Ba8
37.Kf2 Ke6 38.Ke3 Kd7 39.Kd3 Bc5 40.f4 Kc7 41.f5 Kb6 42.g4 Kxa5 43.g5 Bc6
44.f6 gxf6 45.gxf6 Be8  0-1

[Event "15th Croatian Open A"]
[Site "Zadar CRO"]
[Date "2008.12.15"]
[Round "2"]
[White "Milchev,N"]
[Black "Dimitrov,Pa"]
[Result "1-0"]
[WhiteElo "2362"]
[BlackElo "2404"]

1.Nf3 d5 2.c4 e6 3.g3 Nf6 4.Bg2 dxc4 5.Qa4+ Nbd7 6.Qxc4 a6 7.Qc2 Bd6 8.d4 O-O
9.O-O Rb8 10.Rd1 Qe7 11.e4 e5 12.dxe5 Nxe5 13.Nxe5 Bxe5 14.Be3 Bd6 15.h3 Re8
16.Nc3 b5 17.Ba7 Ra8 18.Bd4 Be5 19.Bxe5 Qxe5 20.Nd5 Nxd5 21.Rxd5 Qe7 22.Rc5 Bb7
23.Rxc7 Bxe4 24.Rxe7 Bxc2 25.Rae1 Kf8 26.R7e3 Rxe3 27.Rxe3 Rd8 28.Bb7 a5
29.Re5 Bd3 30.Ba6 f6 31.Rc5 Be4 32.f3 Bxf3 33.Kf2 Bd5 34.a3 Bc4 35.Bxb5 Bxb5
36.Rxb5 Rd2+ 37.Ke3 Rg2 38.Kf3 Rh2 39.a4 Kf7 40.h4 Kg6 41.b3 Rb2 42.g4 h5
43.gxh5+ Kh6 44.Ke4 f5+ 45.Kd3 f4 46.Ke4 Rh2 47.Rxa5 f3 48.Kxf3 Rh3+ 49.Kg4 Rxb3
50.Ra6+ Kh7 51.h6 g6 52.h5 gxh5+ 53.Kxh5 Rh3+ 54.Kg5 Rg3+ 55.Kf5 Re3 56.Kf4 Re2
57.a5 Re1 58.Rb6 Ra1 59.a6 Ra5 60.Ke4 Kh8 61.Kd4 Kh7 62.Kc4 Ra1 63.Kb5 Rb1+
64.Kc6 Rc1+ 65.Kb7 Rf1 66.a7 Rf7+ 67.Ka6 Rf8 68.Rb8 Rf6+ 69.Kb5 Rf5+ 70.Kc4  1-0

[Event "15th Croatian Open A"]
[Site "Zadar CRO"]
[Date "2008.12.16"]
[Round "4"]
[White "Milchev,N"]
[Black "Truta,S"]
[Result "0-1"]
[WhiteElo "2362"]
[BlackElo "2200"]

1.Nf3 d5 2.c4 c6 3.cxd5 cxd5 4.d4 Nc6 5.Nc3 Nf6 6.Bf4 e6 7.e3 Bd6 8.Bg3 O-O
9.Bd3 b6 10.Rc1 Bb7 11.O-O Bxg3 12.hxg3 Qe7 13.a3 Rfc8 14.Qe2 Na5 15.Ne5 Nd7
16.Nxd7 Qxd7 17.f4 Nc4 18.g4 a6 19.Rf3 Nd6 20.Rh3 Ne4 21.Bxe4 dxe4 22.g5 f5
23.gxf6 gxf6 24.Kf2 Rc7 25.Qg4+ Kh8 26.Rch1 Rg8 27.Qh4 Qf7 28.Rg3 Rxg3 29.Kxg3 Qg6+
30.Kf2 Rg7 31.Rg1 b5 32.g4 Kg8 33.Qh2 f5 34.g5 Qe8 35.Rc1 a5 36.Qh6 Rg6 37.Qh5 Qd7
38.b4 axb4 39.axb4 Kh8 40.Qe2 Bc6 41.Qb2 Kg8 42.Qa2 h6 43.gxh6 Rxh6 44.Rg1+ Kf8
45.Kf1 Rh7 46.Qg2 Rg7 47.Qf2 Rxg1+ 48.Qxg1 Bd5 49.Qg5 Bc4+ 50.Kf2 Qe7 51.Qh6+ Ke8
52.Qh8+ Kd7 53.Kg3 Qxb4 54.d5 Bxd5 55.Qe5 Qc5 56.Qg7+ Kc6 57.Kf2 b4 58.Ne2 Qc2
59.Ke1 Qb1+ 60.Kf2 Bc4 61.Nd4+ Kb6 62.Kg2 Qf1+ 63.Kh2 Qf2+ 64.Kh1 Qh4+ 65.Kg2 Qg4+
66.Qxg4 fxg4 67.Kg3 b3 68.Nxb3 Bxb3 69.Kxg4 Kc5 70.Kg5 Kc4  0-1

[Event "8th Amplico AIG Life Rapid"]
[Site "Warsaw POL"]
[Date "2008.12.20"]
[Round "1"]
[White "Kempinski,R"]
[Black "Kowara,M"]
[Result "1-0"]
[WhiteElo "2595"]
[BlackElo "1833"]

1.Nf3 d5 2.c4 e6 3.d4 Nf6 4.Nc3 c6 5.Bg5 Be7 6.e3 O-O 7.Bd3 h6 8.Bf4 Nbd7
9.h3 Nb6 10.c5 Nbd7 11.O-O b6 12.b4 Nh7 13.e4 Ng5 14.Nxg5 Bxg5 15.Bd6 Re8
16.e5 f6 17.f4 Bh4 18.Qh5 f5 19.g4 fxg4 20.hxg4 Nf8 21.g5 hxg5 22.Bxf8 Kxf8
23.fxg5+ Ke7 24.Rf7+  1-0

[Event "8th Amplico AIG Life Rapid"]
[Site "Warsaw POL"]
[Date "2008.12.20"]
[Round "6"]
[White "Zgadzaj,R"]
[Black "Portisch,L"]
[Result "0-1"]
[WhiteElo "2245"]
[BlackElo "2513"]

1.Nf3 d5 2.c4 d4 3.e3 Nc6 4.d3 e5 5.exd4 exd4 6.g3 Bf5 7.a3 a5 8.b3 Nf6 9.Bg2 Qe7+
10.Kf1 Qd7 11.h3 h6 12.Kg1 Be7 13.Kh2 O-O 14.Ra2 Rfe8 15.Re2 Bd6 16.Rhe1 Rxe2
17.Rxe2 Bh7 18.Bb2 Rd8 19.Kg1 Bf8 20.Ne1 Bc5 21.Nd2 Qd6 22.Qa1 Ne5 23.Ne4 Nxe4
24.Bxe4 Bxe4 25.Rxe4 Nc6 26.Nc2 f5 27.Rf4 Qd7 28.g4 fxg4 29.hxg4 Bd6 30.Re4 Ne5
31.Nxd4 Nxg4 32.Ne6 Re8 33.Rxg4 Qxe6 34.Rxg7+ Kf8 35.Qd1 Qe1+ 36.Qxe1 Rxe1+
37.Kg2 Bxa3 38.Bf6 Be7 39.Bd4 c5 40.Bc3 Rc1 41.Be5 Re1 42.Bc3 Rc1 43.Be5 Rb1
44.Rg3 Rxb3 45.Bg7+ Kf7 46.Bxh6 a4 47.Bg7 a3 48.Be5 a2 49.Rf3+ Kg6 50.Kg3 Rb1
51.Kf4 Bf6  0-1

[Event "Masters"]
[Site "Berkeley USA"]
[Date "2008.12.21"]
[Round "8"]
[White "Kustar,S"]
[Black "Pruess,D"]
[Result "1/2-1/2"]
[WhiteElo "2356"]
[BlackElo "2422"]

1.Nf3 d5 2.c4 d4 3.e3 c5 4.exd4 cxd4 5.g3 Nc6 6.d3 e5 7.Bg2 Bd6 8.O-O Nge7
9.Na3 O-O 10.Nc2 a5 11.a3 f6 12.b3 Bg4 13.h3 Be6 14.Bd2 Qd7 15.Kh2 Rfb8 16.b4 b5
17.cxb5 Rxb5 18.a4 Rxb4 19.Bxb4 axb4 20.Nfxd4 exd4 21.Nxd4 Bxg3+ 22.fxg3 Qxd4
23.a5 Bd5 24.Qe2 Bxg2 25.Qxg2 Nd5 26.Rfc1 Ne5 27.a6 Ra7 28.Rc8+ Kf7 29.Rb8 Ne7
30.Rb7 Rxb7 31.axb7 N7c6 32.Rc1 Qd7 33.d4 Qxd4 34.Rxc6 Nxc6 35.Qxc6 Qf2+
36.Kh1  1/2-1/2

[Event "35th ch-IND w National A"]
[Site "New Delhi IND"]
[Date "2008.12.21"]
[Round "4"]
[White "Gomes,Mary"]
[Black "Pon,N"]
[Result "1-0"]
[WhiteElo "2298"]
[BlackElo "2191"]

1.Nf3 d5 2.c4 e6 3.b3 Nf6 4.Bb2 Be7 5.g3 O-O 6.Bg2 c5 7.e3 Nc6 8.O-O b6 9.Nc3 Rb8
10.d4 Ba6 11.Nb5 Rc8 12.Rc1 cxd4 13.exd4 Bb7 14.Ne5 a6 15.Nc3 dxc4 16.bxc4 Na5
17.Bxb7 Nxb7 18.d5 Na5 19.dxe6 Qxd1 20.exf7+ Kh8 21.Nxd1 Bd6 22.Ne3 Ne4 23.Rfd1 Bxe5
24.Bxe5 Rxf7 25.f4 Nc6 26.Ba1 Kg8 27.Kg2 Re8 28.Nd5 Nc5 29.Re1 Rb8 30.Rb1 Rfb7
31.f5 Kf7 32.f6 g6 33.Re2 Ne6 34.Rbe1 Re8 35.Ne7 Ncd8 36.Nc8 Rd7 37.Nxb6 Rc7
38.Re4 Nb7 39.Nd5 Rd7 40.Kg1 Nd6 41.Rh4 Ng5 42.Rxe8 Kxe8 43.Kg2 Nxc4 44.Rxc4 Rxd5
45.Bc3 Nf7 46.Ra4 Rd6 47.Re4+ Kd8 48.Ba5+  1-0

[Event "8th Amplico AIG Life Rapid"]
[Site "Warsaw POL"]
[Date "2008.12.21"]
[Round "9"]
[White "Stangl,M"]
[Black "Vitiugov,N"]
[Result "0-1"]
[WhiteElo "2458"]
[BlackElo "2638"]

1.Nf3 d5 2.c4 d4 3.g3 g6 4.Bg2 Bg7 5.O-O Nf6 6.b4 O-O 7.Bb2 c5 8.bxc5 Nc6
9.e3 e5 10.exd4 e4 11.Ng5 Nxd4 12.Nc3 Bg4 13.f3 exf3 14.Nxf3 Nxf3+ 15.Bxf3 Qd4+
16.Kg2 Rad8 17.Rf2 Bh3+ 18.Kg1 Qxc5 19.d3 Bf5 20.Nd5 Nxd5 21.Bxg7 Nf4 22.gxf4 Kxg7
23.Bd5 Rfe8 24.Qd2 Qd4 25.Qb2 Qxb2 26.Rxb2 b6 27.Rd1 Re3 28.Rbd2 Bg4 29.Rc1 Kf6
30.Kf2 Rh3 31.Kg2 Bf5 32.d4 Ra3 33.Bf3 Re8 34.c5 Ree3 35.Bb7 bxc5 36.dxc5 Rac3
37.c6 Ke7 38.Rxc3 Rxc3 39.Kf2 a5 40.Rd5 a4 41.a3 Be6 42.Re5 Kd6 43.Re3 Rb3
44.Ke2 Bd5 45.Rxb3 axb3 46.Kd2 f6 47.a4 g5 48.fxg5 fxg5 49.Kc3 h5 50.a5 Bxc6
51.Ba6 Bd5 52.Be2 g4 53.Bd1 Kc5 54.Be2 Be6 55.a6 Kb6 56.Kd4 b2 57.Bd3 Ba2
58.Ke5 b1=Q 59.Bxb1 Bxb1 60.Kf4 Bg6  0-1

[Event "8th Amplico AIG Life Rapid"]
[Site "Warsaw POL"]
[Date "2008.12.21"]
[Round "9"]
[White "Jaracz,P"]
[Black "Sulskis,S"]
[Result "1/2-1/2"]
[WhiteElo "2513"]
[BlackElo "2572"]

1.Nf3 d5 2.c4 d4 3.g3 Nc6 4.Bg2 e5 5.O-O a5 6.d3 Nf6 7.Na3 Bc5 8.Nb5 h6 9.e3 dxe3
10.Bxe3 Bxe3 11.fxe3 O-O 12.d4 Bg4 13.h3 Bxf3 14.Bxf3 Qe7 15.d5 e4 16.dxc6 bxc6
17.Nd4 exf3 18.Qxf3 c5 19.Nf5 Qe5 20.Qf4 Rfe8 21.Rad1 Qxb2 22.Nxh6+ gxh6
23.Qxf6 Qxf6 24.Rxf6 Rxe3 25.Rd7 Rxg3+ 26.Kh2 Rg5 27.Rxc7 Re8 28.Rcxf7 Re2+
29.Rf2 Rge5 30.Kg3 Rxf2 31.Rxf2 Kg7 32.Kf4 Kf6 33.Rb2 Rf5+ 34.Ke4 Re5+ 35.Kf4 Rf5+
36.Ke4 Re5+ 37.Kf4  1/2-1/2

[Event "8th Amplico AIG Life Rapid"]
[Site "Warsaw POL"]
[Date "2008.12.21"]
[Round "12"]
[White "Swiercz,D"]
[Black "Sumets,A"]
[Result "1/2-1/2"]
[WhiteElo "2478"]
[BlackElo "2545"]

1.Nf3 d5 2.c4 c6 3.e3 Nf6 4.Qc2 g6 5.b3 Bg7 6.Bb2 O-O 7.Be2 b6 8.O-O Bb7
9.d4 Nbd7 10.Nc3 e6 11.e4 dxe4 12.Nxe4 Nxe4 13.Qxe4 Qc7 14.Qe3 c5 15.Rfd1 Rad8
16.Rac1 Nf6 17.h3 Nh5 18.Ba1 Nf4 19.dxc5 Nxe2+ 20.Qxe2 Bxf3 21.Qxf3 bxc5
22.Bxg7 Kxg7 23.Rxd8 Rxd8 24.Rd1 Rxd1+ 25.Qxd1 Qe5 26.Qd2 a6 27.g3 h5 28.h4 Qa1+
29.Kg2 Qe5 30.Qc2 Qd4 31.Qe2 e5 32.a3 Qc3 33.b4 cxb4 34.axb4 Kh7 35.b5 axb5
36.cxb5 Qd4 37.Qf3 Kg7 38.Qc6 e4 39.b6 e3 40.fxe3 Qxe3 41.b7 Qe2+ 42.Kg1 Qe1+
43.Kh2 Qe2+ 44.Qg2 Qb5 45.Qf3 Qb2+ 46.Kg1 Qb1+ 47.Kf2 Qb2+ 48.Kg1 Qb1+ 49.Kh2 Qc2+
50.Kh3 Qb1 51.g4 hxg4+ 52.Kxg4 Qb4+ 53.Kh3 Qb1 54.Qc3+ Kh7 55.Qc7 Qf1+ 56.Kg3 Qd3+
57.Kg2 Qe2+ 58.Kg3 Qe3+ 59.Kg2 Qe2+ 60.Kh3 Qf3+ 61.Kh2 Qf2+  1/2-1/2

[Event "Open A"]
[Site "Groningen NED"]
[Date "2008.12.22"]
[Round "2"]
[White "Rotstein,A"]
[Black "Schiffer,KU"]
[Result "1-0"]
[WhiteElo "2496"]
[BlackElo "2334"]

1.Nf3 d5 2.c4 c6 3.e3 Nf6 4.Nc3 e6 5.b3 Nbd7 6.Be2 Bd6 7.O-O O-O 8.d4 Ne4
9.Nxe4 dxe4 10.Nd2 f5 11.f4 exf3 12.Nxf3 e5 13.c5 Bc7 14.e4 fxe4 15.Bc4+ Kh8
16.Ng5 Nf6 17.dxe5 Qxd1 18.Rxd1 Bxe5 19.Nf7+ Rxf7 20.Rd8+ Ng8 21.Bxf7 Be6
22.Rxa8 Bxf7 23.Rb1 Bd4+ 24.Kf1 Bxc5 25.Bb2 h5 26.Rd1 Bd5 27.Rb8 a5 28.Rxb7 Ne7
29.Ke2 Kh7 30.Bc3 a4 31.Bb4 Bxb4 32.Rxb4 axb3 33.axb3 Kg6 34.Ke3 Kf5 35.Rb7 Kf6
36.Rf1+ Nf5+ 37.Rxf5+  1-0

[Event "Open A"]
[Site "Groningen NED"]
[Date "2008.12.22"]
[Round "2"]
[White "Sparenberg,E"]
[Black "Bensdorp,M"]
[Result "1-0"]
[WhiteElo "2041"]
[BlackElo "2303"]

1.Nf3 d5 2.c4 e6 3.b3 Nf6 4.Bb2 Be7 5.e3 O-O 6.Be2 c5 7.O-O Nc6 8.Ne5 Nxe5
9.Bxe5 d4 10.exd4 Nd7 11.Qc2 f6 12.Bg3 cxd4 13.d3 a5 14.Nd2 Nc5 15.f4 Bd7
16.Bf3 Qb6 17.Bf2 Na6 18.Qb2 e5 19.fxe5 fxe5 20.Rae1 Bd6 21.Ne4 Rxf3 22.gxf3 Bh3
23.Bg3 Bxf1 24.Kxf1 Bc7 25.Qd2 Rf8 26.Kg2 h6 27.Qe2 Qg6 28.Nf2 Nc5 29.Ne4 Ne6
30.Kh1 Qh5 31.Rf1 Rf7 32.a3 Qf5 33.b4 axb4 34.axb4 g5 35.Kg2 h5 36.h3 Rg7
37.c5 Kh7 38.b5 Nf4+ 39.Bxf4 exf4 40.b6 Bd8 41.Nd6 Qg6 42.Qe4 Rd7 43.Re1 Qxe4
44.Nxe4 Be7 45.Ra1 Kg6 46.c6 Rd8 47.c7 Rc8 48.Ra7 Kf7 49.Rxb7 Ke6 50.Ra7  1-0

[Event "Open"]
[Site "Pamplona ESP"]
[Date "2008.12.23"]
[Round "3"]
[White "Minaya,J"]
[Black "Recuero Guerra,D"]
[Result "0-1"]
[WhiteElo "2196"]
[BlackElo "2425"]

1.Nf3 d5 2.c4 d4 3.g3 Nc6 4.Bg2 e5 5.O-O Nf6 6.d3 Nd7 7.e4 Be7 8.Ne1 h5 9.f4 h4
10.Nf3 hxg3 11.hxg3 exf4 12.Bxf4 g5 13.Bc1 Nde5 14.a3 Nxf3+ 15.Bxf3 Qd6 16.Qe1 Ne5
17.Qe2 Nxd3 18.e5 Nxe5 19.Nd2 d3 20.Qe3 Qh6 21.Kf2 Qh2+ 22.Ke1 Qxg3+ 23.Kd1 Bg4
24.b4 Nxf3 25.Nxf3 Rh3  0-1

[Event "10th Mirko Srajber Mem"]
[Site "Subotica SRB"]
[Date "2008.12.24"]
[Round "8"]
[White "Markus,Rob"]
[Black "Chirila,I"]
[Result "1/2-1/2"]
[WhiteElo "2616"]
[BlackElo "2462"]

1.Nf3 d5 2.c4 e6 3.g3 c6 4.b3 a5 5.Bb2 Nf6 6.Bg2 Be7 7.O-O O-O 8.d3 a4 9.Na3 Nbd7
10.Nc2 b5 11.b4 bxc4 12.dxc4 c5 13.bxc5 Bxc5 14.Nfd4 Bb7 15.Rb1 Nb6 16.Ba3 Bxa3
17.Nxa3 Rc8 18.Qd2 Ba6 19.cxd5 Nbxd5 20.Rfc1 Rxc1+ 21.Rxc1 Qb6 22.Rc6 Qb7
23.h3 Rc8 24.Qa5 Ra8 25.Qc5 Rb8 26.Nac2 h6 27.e4 Ne7 28.Rc7 Qb1+ 29.Kh2 Ng6
30.e5 Ne8 31.Ra7 Bd3 32.Rxa4 Bxc2 33.Nxc2 Nxe5 34.Rb4 Rxb4 35.Nxb4 Nf6 36.a4 Qe1
37.Qd4 h5 38.Bb7 h4 39.gxh4 Nd5 40.Bxd5 exd5 41.Kg2 Qb1 42.h5 Qf5 43.f4 Nc4
44.Kg3 Qxh5 45.Qxd5 Qg6+ 46.Kf3 Nd6 47.Nd3 Nf5 48.Ke2 Ng3+ 49.Ke3 Qb6+ 50.Kf3 Nf1
51.Qa8+ Kh7 52.Qe4+ g6 53.Qe7 Qb3 54.Qd7 Nd2+ 55.Ke3 Nc4+ 56.Kd4 Nb6 57.Qb5 Qxa4+
58.Qxa4  1/2-1/2